| 000 | 004900000a22001570004500 | ||
|---|---|---|---|
| 003 | MACL | ||
| 005 | 20170809163309.0 | ||
| 008 | 170809b xxu||||| |||| 00| 0 eng d | ||
| 040 | _cmacl | ||
| 100 |
_aबोस, निर्मल कुमार _955526 |
||
| 245 | _aभारतीय आदिवासी जीवन | ||
| 260 |
_b नेशनल बुक ट्रस्ट _c1976 |
||
| 350 | _a8 | ||
| 650 |
_a सोशियोलॉजी, _949041 |
||
| 942 |
_cHIN _k300 _2ddc |
||
| 999 |
_c22748 _d22748 |
||